|
|
|
|
| LEADER |
02529nam a22005295i 4500 |
| 001 |
978-3-662-46706-0 |
| 003 |
DE-He213 |
| 005 |
20151106141059.0 |
| 007 |
cr nn 008mamaa |
| 008 |
150418s2015 gw | s |||| 0|eng d |
| 020 |
|
|
|a 9783662467060
|9 978-3-662-46706-0
|
| 024 |
7 |
|
|a 10.1007/978-3-662-46706-0
|2 doi
|
| 040 |
|
|
|d GrThAP
|
| 050 |
|
4 |
|a QA76.9.A25
|
| 072 |
|
7 |
|a URY
|2 bicssc
|
| 072 |
|
7 |
|a COM053000
|2 bisacsh
|
| 082 |
0 |
4 |
|a 005.82
|2 23
|
| 245 |
1 |
0 |
|a Fast Software Encryption
|h [electronic resource] :
|b 21st International Workshop, FSE 2014, London, UK, March 3-5, 2014. Revised Selected Papers /
|c edited by Carlos Cid, Christian Rechberger.
|
| 264 |
|
1 |
|a Berlin, Heidelberg :
|b Springer Berlin Heidelberg :
|b Imprint: Springer,
|c 2015.
|
| 300 |
|
|
|a XI, 636 p. 155 illus.
|b online resource.
|
| 336 |
|
|
|a text
|b txt
|2 rdacontent
|
| 337 |
|
|
|a computer
|b c
|2 rdamedia
|
| 338 |
|
|
|a online resource
|b cr
|2 rdacarrier
|
| 347 |
|
|
|a text file
|b PDF
|2 rda
|
| 490 |
1 |
|
|a Lecture Notes in Computer Science,
|x 0302-9743 ;
|v 8540
|
| 505 |
0 |
|
|a Designs -- Cryptanalysis -- Authenticated encryption -- Foundations and theory -- Stream ciphers -- Hash functions -- Advanced constructions.
|
| 520 |
|
|
|a This book constitutes the thoroughly refereed post-conference proceedings of the 21st International Workshop on Fast Software Encryption, held in London, UK, March 3-5, 2014. The 31 revised full papers presented were carefully reviewed and selected from 99 initial submissions. The papers are organized in topical sections on designs; cryptanalysis; authenticated encryption; foundations and theory; stream ciphers; hash functions; advanced constructions.
|
| 650 |
|
0 |
|a Computer science.
|
| 650 |
|
0 |
|a Computer security.
|
| 650 |
|
0 |
|a Data encryption (Computer science).
|
| 650 |
|
0 |
|a Coding theory.
|
| 650 |
|
0 |
|a Management information systems.
|
| 650 |
1 |
4 |
|a Computer Science.
|
| 650 |
2 |
4 |
|a Data Encryption.
|
| 650 |
2 |
4 |
|a Systems and Data Security.
|
| 650 |
2 |
4 |
|a Management of Computing and Information Systems.
|
| 650 |
2 |
4 |
|a Coding and Information Theory.
|
| 700 |
1 |
|
|a Cid, Carlos.
|e editor.
|
| 700 |
1 |
|
|a Rechberger, Christian.
|e editor.
|
| 710 |
2 |
|
|a SpringerLink (Online service)
|
| 773 |
0 |
|
|t Springer eBooks
|
| 776 |
0 |
8 |
|i Printed edition:
|z 9783662467053
|
| 830 |
|
0 |
|a Lecture Notes in Computer Science,
|x 0302-9743 ;
|v 8540
|
| 856 |
4 |
0 |
|u http://dx.doi.org/10.1007/978-3-662-46706-0
|z Full Text via HEAL-Link
|
| 912 |
|
|
|a ZDB-2-SCS
|
| 912 |
|
|
|a ZDB-2-LNC
|
| 950 |
|
|
|a Computer Science (Springer-11645)
|